Rock Band Group Photo - Statistics

General Stats
  • This quiz has been taken 55 times
  • The average score is 20 of 32
Answer Stats
Picture Answer % Correct
Queen
100%
The Beatles
100%
KISS
96%
AC/DC
89%
Guns N' Roses
87%
The Beach Boys
87%
The Doors
81%
Fleetwood Mac
79%
The Rolling Stones
79%
Black Sabbath
77%
Led Zeppelin
77%
Nirvana
77%
U2
74%
Bon Jovi
72%
Metallica
68%
Oasis
66%
Red Hot Chili Peppers
64%
Aerosmith
62%
Pink Floyd
62%
The Police
60%
Radiohead
51%
Creedence Clearwater Revival
47%
Lynyrd Skynyrd
45%
The Clash
45%
Blur
43%
Jimi Hendrix Experience
43%
Deep Purple
40%
Dire Straits
40%
Scorpions
38%
Eagles
32%
The Velvet Underground
23%
Cream
19%
No matching quizzes found
Score Distribution
Percent of People with Each Score
Percentile by Number Answered
Your Score History
You have not taken this quiz